| 000 -ლიდერი |
| ფიქსირებული სიგრძის საკონტროლო ველი |
01664nam a2200277Ia 4500 |
| 001 - საკონტროლო ნომერი |
| საკონტროლო ველი |
17253 |
| 003 - საკონტროლო ნომრის იდენტიფიკატორი |
| საკონტროლო ველი |
GE_BSU |
| 005 - ბოლო ოპერაციის თარიღი და დრო |
| საკონტროლო ველი |
20200207144007.0 |
| 008 - ფიქსირებული სიგრძის მონაცემთა ელემენტები - ზოგადი ინფორმაცია |
| ფიქსირებული სიგრძის საკონტროლო ველი |
181216s2014 xx |||||||||||||| ||geo|| |
| 020 ## - წიგნის საერთაშორისო სტანდარტული ნომერი |
| International Standard Book Number |
9789941072277 |
| 040 ## - კატალოგიზაციის წყარო |
| Transcribing agency |
GE_BSU |
| 041 ## - ენის კოდი |
| Language code of text/sound track or separate title |
geo |
| 080 ## - უნივერსალური ათობითი კლასიფიკაციის ინდექსი |
| Universal Decimal Classification number |
1(479.22) ა-96 |
| 245 ## - ცნობა სათაურის შესახებ |
| Title |
ახალი დროის ქართული ფილოსოფია და მისი მთავარი წარმომადგენლები = Early modern georgian philosophy and its major representatives : |
| Remainder of title |
(XVIII საუკუნის (მეორე ნახევრიდან XIX საუკუნის მეორე ნახევრამდე) / |
| Statement of responsibility, etc |
თენგიზ ირემაძე ; ლალი ზაქარაძე ; დოდო ლაბუჩიძე ; [და სხვ.] სამეცნ. რედ. თენგიზ ირემაძე / |
| 250 ## - გამოცემის ცნობა |
| Edition statement |
- I გამოცემა. |
| 264 ## - წარმოების, გამოცემის, დისტრიბუციის და სხვა ცნობები |
| გამოცემის, წარმოების, დისტრიბუციის... ადგილი |
თბილისი : |
| გამოცემის, წარმოების, დისტრიბუციის... სახელწოდება |
ფავორიტი, |
| გამოცემის, წარმოების, დისტრიბუციის... თარიღი |
2014. |
| 300 ## - ფიზიკური აღწერა |
| Extent |
180 გვ.: |
| Dimensions |
21 სმ. |
| 520 ## - SUMMARY, ETC. |
| Summary, etc |
თავფურ. ქართ. და ინგლ.. რეზ. ინგლ.. |
| 653 ## - INDEX TERM--UNCONTROLLED |
| Uncontrolled term |
ფილოსოფია |
| 653 ## - INDEX TERM--UNCONTROLLED |
| Uncontrolled term |
ქართული ფილოსოფია ქართველი ფილოსოფოსები |
| 700 ## - ADDED ENTRY--PERSONAL NAME |
| Personal name |
ირემაძე თენგიზ ; |
| 9 (RLIN) |
2229 |
| 700 ## - ADDED ENTRY--PERSONAL NAME |
| Personal name |
ზაქარაძე, ლალი |
| 9 (RLIN) |
2152 |
| 700 ## - ADDED ENTRY--PERSONAL NAME |
| Personal name |
ლაბუჩიძე, დოდო |
| 9 (RLIN) |
6892 |
| 700 ## - ADDED ENTRY--PERSONAL NAME |
| Personal name |
ირემაძე, თენგიზ |
| Relator term |
რედაქტორი |
| 9 (RLIN) |
2229 |
| 942 ## - ADDED ENTRY ELEMENTS (KOHA) |
| Koha item type |
წიგნი |
| Source of classification or shelving scheme |
|